MARC details
| 000 -CABECERA |
| campo de control de longitud fija |
01521nam a2200241 a 4500 |
| 001 - NÚMERO DE CONTROL |
| campo de control |
000020250 |
| 005 - FECHA Y HORA DE LA ÚLTIMA TRANSACCIÓN |
| campo de control |
20200929170331.0 |
| 008 - DATOS DE LONGITUD FIJA--INFORMACIÓN GENERAL |
| campo de control de longitud fija |
091118s1992 dr ab 000 0 spa d |
| 040 ## - FUENTE DE LA CATALOGACIÓN |
| Centro catalogador/agencia de origen |
DO-SdBNP |
| Lengua de catalogación |
spa |
| Centro/agencia transcriptor |
BNPHU |
| 082 ## - NÚMERO DE LA CLASIFICACIÓN DECIMAL DEWEY |
| Número de clasificación |
xxxx |
| Número de documento/Ítem |
xxxx |
| 100 1# - ENTRADA PRINCIPAL--NOMBRE DE PERSONA |
| Nombre de persona |
Ramírez Báez, Ramón O. |
| 9 (RLIN) |
42867 |
| 245 10 - MENCIÓN DE TÍTULO |
| Título |
Estudios sociales 5 : |
| Resto del título |
educación primaria / |
| Mención de responsabilidad, etc. |
Ramón O. Ramírez Báez ; revisado y actualizado por Rafael A. González ; dirección técnica Yolanda R de Sánchez ; ilustración Liliana P. de Lantigua. |
| 250 ## - MENCIÓN DE EDICIÓN |
| Mención de edición |
7ma. ed. |
| 260 ## - PUBLICACIÓN, DISTRIBUCIÓN, ETC. |
| Lugar de publicación, distribución, etc. |
Santo Domingo : |
| Nombre del editor, distribuidor, etc. |
Disesa, |
| Fecha de publicación, distribución, etc. |
1992 |
| Fabricante |
Corripio |
| 300 ## - DESCRIPCIÓN FÍSICA |
| Extensión |
152 p : |
| Otras características físicas |
il., maps. ; |
| Dimensiones |
27 cm. |
| 500 ## - NOTA GENERAL |
| Nota general |
Educación primaria |
| 500 ## - NOTA GENERAL |
| Nota general |
Aprobado y recomendado para ser utilizado como texto básico, educación primaria, mediante oficio No. 6695 de fecha 29 de julio de 1985, por la Secretaría de Educación, Bellas Artes y Cultos. |
| 500 ## - NOTA GENERAL |
| Nota general |
La biblioteca solamente posee el volumen 5. |
| 505 0# - NOTA DE CONTENIDO CON FORMATO |
| Información miscelánea |
v. 5 : |
| -- |
unidad 1 -- |
| Título |
El paisaje geográfico y su influencia en los modos de via del hombre americano -- |
| Información miscelánea |
unidad 2 -- |
| Título |
La isla de Santo Domingo y el resto de América son conquistadas y colonizadas por los europeos -- |
| Información miscelánea |
unidad 3 -- |
| Título |
Los países de América luchan por lograr su independencia y consolidar su soberanía -- |
| Información miscelánea |
unidad 4 -- |
| Título |
Los países americanos se organizan y se rigen a través de la constitución -- |
| 700 1# - PUNTO DE ACCESO ADICIONAL--NOMBRE DE PERSONA |
| Nombre de persona |
González, Rafael A. |
| Término indicativo de función/relación |
Rev. Act. |
| 9 (RLIN) |
42866 |
| 700 1# - PUNTO DE ACCESO ADICIONAL--NOMBRE DE PERSONA |
| Nombre de persona |
R. de Sánchez, Yolanda |
| Término indicativo de función/relación |
dir. tec. |
| 9 (RLIN) |
42863 |
| 700 1# - PUNTO DE ACCESO ADICIONAL--NOMBRE DE PERSONA |
| Nombre de persona |
P. de Lantigua, Liliana |
| Término indicativo de función/relación |
il. |
| 9 (RLIN) |
42864 |